000 00337nam a2200133Ia 4500
008 151001s9999||||xx |||||||||||||| ||und||
100 _a -
245 _aकल्याण वर्ष १२ १९३७
250 _a-
260 _bकल्याण कार्यालय
260 _c1937
300 _a115
365 _b9.5
999 _c949456
_d949453